000 00346nam a2200133 i 4500
001 bg
100 1 _aMARON, I. A.
245 0 _aZadania z rachunku różniczkowego i całkowego :
_bfunkcje jednej zmiennej /
_cI.A. Maron.
260 _aWarszawa,
_c1974.
040 _cBPK
041 _apol
942 _cKS
008 s pl f |000 0 pol
999 _c324
_d324
856 _uhttp://koha.tu.koszalin.pl/cgi-bin/koha/opac-detail.pl?biblionumber=324
_yKatalog online BPK